00388nam a2200157Ia 4500003000400000005001700004008004100021040000700062041000800069082001300077100002700090245003800117260005200155300001000207365001300217OSt20230325111035.0210423s2004 xx 000 0 und d cAL aeng a658 KUMN aKUMAR (Naveen);others. aEconomic environment of business. aNew DelhibAffiliated East West Press Ltdc2004 ax,504 b250cINR